| 000 | 00000nam##2200000za#4500 |
| 001 | 9.637722 |
| 003 | CaOODSP |
| 005 | 20231123085135 |
| 007 | cr ||||||||||| |
| 008 | 150407|1999||||xxc|||||o f|0| 0 fre|d |
| 040 | |aCaOODSP|bfre |
| 043 | |an-cn--- |
| 086 | 1 |aE2-195/1999F-PDF |
| 110 | 1 |aCanada. |bAffaires étrangères et commerce international Canada. |
| 245 | 10|aRéponse du Gouvernement au rapport du Comité permanent des affaires étrangères et du commerce international - le Canada et l'avenir de l'Organisation mondiale du commerce |h[ressource électronique] |
| 260 | |aOttawa - Ontario : |bAffaires étrangères et Commerce international |c1999. |
| 300 | |a31p.|bphotographies |
| 500 | |aLe n° de catalogue (E2-195/1999) et l’ISBN (0-662-64554-5) de l'édition imprimée ont été incorrectement copiés dans cette édition électronique. |
| 590 | |a10-05-Supp|b2010-07-20 |
| 691 | 07|aCommerce extérieur|2gcpds |
| 691 | 07|aNégociations commerciales|2gcpds |
| 691 | 07|aPolitique commerciale|2gcpds |
| 775 | 08|tGovernment response to the report of the Standing Committee on Foreign Affairs and International Trade - Canada and the future of the World Trade Organization |w(CaOODSP)9.693546 |
| 776 | 0#|tGovernment response to the report of the Standing Committee on Foreign Affairs and International Trade: Canada and the future of the World Trade Organization |w(CaOODSP)9.661393 |
| 776 | 0#|tRéponse du Gouvernement au rapport du Comité permanent des affaires étrangères et du commerce international: le Canada et l'avenir de l'Organisation mondiale du commerce |w(CaOODSP)9.661394 |
| 856 | 40|ahttp://publications.gc.ca|qPDF|s196 Ko|uhttps://publications.gc.ca/collections/Collection/E2-195-1999F.pdf |